Sports Quiz

Random Sports or Decade Quiz

AFL - Sydney Swans Players 2000-2009 Quiz Stats

 Plays Quiz not verified by Sporcle

Challenge
Share
Tweet
Embed
Score 0/88 Timer 12:00
0 Plays Today
Year of Debut in Decade Player Name % Correct
2000Adam Goodes
94.2%
2002Barry Hall
94.2%
2000Jude Bolton
91.2%
2003Craig Bolton
90.2%
2000Michael O'Loughlin
86.8%
2000Brett Kirk
86.3%
2000Leo Barry
86.2%
2000Ryan O'Keefe
85.3%
2003Nick Davis
82.3%
2005Darren Jolly
81.5%
2002Tony Lockett
81.2%
2001Tadhg Kennelly
79.9%
2000Paul Kelly
78.5%
2004Jarrad McVeigh
78.1%
2000Jason Ball
77.5%
2003Adam Schneider
77.5%
2003Lewis Roberts-Thomson
76.2%
2008Nick Smith
74.8%
2007Kieren Jack
74.4%
2001Paul Williams
73.7%
2006Ted Richards
73.4%
2005Nick Malceski
72.7%
2009Rhyce Shaw
71.5%
2002Luke Ablett
71.3%
2002Amon Buchanan
71.2%
2006Heath Grundy
69.6%
2000Jared Crouch
68.7%
2000Stuart Maxfield
67.3%
2008Jesse White
67.3%
2008Martin Mattner
67.1%
Year of Debut in Decade Player Name % Correct
2008Craig Bird
65.7%
2000Nic Fosdike
64.3%
2009Mike Pyke
64.3%
2000Andrew Dunkley
62.7%
2000Dale Lewis
61.6%
2005Sean Dempster
61.6%
2004Paul Bevan
60.8%
2009Dan Hannebery
60.3%
2007Peter Everitt
59.1%
2000Ben Mathews
58.6%
2000Darryn Cresswell
55.9%
2000Wayne Schwass
55.9%
2000Troy Luff
54.2%
2000Matthew Nicks
52.9%
2005Jarred Moore
52.9%
2000Robbie AhMat
51.2%
2000Andrew Schauble
51%
2008Patrick Veszpremi
51%
2000Jason Saddington
48.8%
2000Greg Stafford
48.3%
2008Henry Playfair
48.3%
2002Scott Stevens
46.2%
2000John Stevens
46.1%
2007Ed Barlow
44.9%
2000Ryan Fitzgerald
44.8%
2001Heath James
44.6%
2008Matthew O'Dwyer
43.9%
2009Brett Meredith
43.2%
2000Stephen Doyle
42.4%
2005David Spriggs
39.6%
Year of Debut in Decade Player Name % Correct
2000Brad Seymour
39.5%
2009Kristin Thornton
39.3%
2000Daniel McPherson
39.1%
2002Nick Daffy
38.7%
2000Rohan Warfe
36.9%
2000Craig O'Brien
36.6%
2000Brett Allison
36%
2006Paul Chambers
36%
2006Simon Phillips
36%
2006Tim Schmidt
35.4%
2008Ryan Brabazon
35.3%
2000Ben Fixter
34.5%
2005Luke Vogels
34.2%
2007Matthew Laidlaw
34.2%
2002Ricky Mott
33.6%
2000Peter Filandia
33.5%
2000Gerrard Bennett
32.7%
2003Mark Powell
31.6%
2007Luke Brennan
31.2%
2000Andrew Bomford
29.5%
2003James Meiklejohn
29.5%
2000Simon Feast
29.1%
2000Ryan O'Connor
29.1%
2002Jarrad Sundqvist
29.1%
2004Joshua Thewlis
27.7%
2001Brent Piltz
25.1%
2002Leigh Brockman
22.5%
2004Aaron Rogers
21.9%

You're not logged in!

Compare scores with friends on all Sporcle quizzes.
OR
Log In

You Might Also Like...

Show Comments

Extras

Top Quizzes Today


Score Distribution

Your Account Isn't Verified!

In order to create a playlist on Sporcle, you need to verify the email address you used during registration. Go to your Sporcle Settings to finish the process.

Report this User

Report this user for behavior that violates our Community Guidelines.

Details: